[Event "AUTO-ELITE-2602"]
[Site "http://www.queenalice.com/game.php?id=1866754"]
[Date "2025.12.8"]
[Round "1"]
[White "JailtonMaster"]
[Black "Donidon"]
[Result "1-0"]
[WhiteElo "2168"]
[BlackElo "2229"]

1. d4 Nf6 2. c4 g6 3. Nc3 d5 4. cxd5 Nxd5 5. e4 Nxc3 6. bxc3 c5 7. Bc4 Bg7 8.
Ne2 O-O 9. O-O cxd4 10. cxd4 Nc6 11. Be3 e6 12. Rb1 Qa5 13. d5 exd5 14. Bxd5 Ne5
15. Qc2 Rb8 16. Bd4 1-0

[Event "AUTO-ELITE-2602"]
[Site "http://www.queenalice.com/game.php?id=1866755"]
[Date "2025.12.8"]
[Round "1"]
[White "Donidon"]
[Black "JailtonMaster"]
[Result "1-0"]
[WhiteElo "2230"]
[BlackElo "2186"]

1. e4 e5 2. Nf3 Nc6 3. d4 exd4 4. Nxd4 Bc5 5. Be3 Qf6 6. c3 Nge7 7. g3 d6 8. Bg2
O-O 9. O-O Nxd4 10. cxd4 Bb6 11. Nc3 c6 12. a4 a6 13. e5 Qe6 14. d5 cxd5 15.
Bxb6 1-0

[Event "AUTO-ELITE-2602"]
[Site "http://www.queenalice.com/game.php?id=1866758"]
[Date "2025.12.8"]
[Round "1"]
[White "trompmaster"]
[Black "Donidon"]
[Result "1-0"]
[WhiteElo "2482"]
[BlackElo "2183"]

1. e4 e5 2. Nf3 Nc6 3. Bb5 a6 4. Ba4 Nf6 5. Bxc6 dxc6 6. d3 Bd6 7. O-O O-O 8. h3
h6 9. Nbd2 Be6 10. b3 a5 11. Bb2 Nd7 12. a4 f5 13. exf5 Bxf5 14. Re1 Re8 15. Nc4
Bb4 16. Re3 Bc5 17. d4 exd4 18. Nxd4 Bxd4 19. Qxd4 Nf6 20. Qf4 Bg6 21. Rxe8+
Qxe8 22. Bxf6 gxf6 23. Qxc7 Qf7 24. Qf4 Kg7 25. Ne3 Rd8 26. Re1 Re8 27. Rd1 Qe6
28. Rd6 Qe7 29. Ng4 h5 30. Qh6+ Kf7 31. Rxf6+ Qxf6 32. Nxf6 Kxf6 33. Qf4+ Kg7
34. Qc7+ Kg8 35. Qxb7 Bxc2 36. Qxc6 Re1+ 37. Kh2 Bb1 38. Qd5+ Kh7 39. Qxa5 1-0

[Event "AUTO-ELITE-2602"]
[Site "http://www.queenalice.com/game.php?id=1866759"]
[Date "2025.12.8"]
[Round "1"]
[White "Donidon"]
[Black "trompmaster"]
[Result "0-1"]
[WhiteElo "2186"]
[BlackElo "2480"]

1. d4 d6 2. e4 Nf6 3. Nc3 Nbd7 4. Nf3 e5 5. Bc4 Be7 6. O-O O-O 7. h3 c6 8. Bb3
b5 9. d5 Bb7 10. dxc6 Bxc6 11. Bd5 Bxd5 12. exd5 b4 13. Ne2 Nb6 14. c4 Nxc4 15.
Qb3 Nb6 16. Rd1 a5 17. Be3 a4 18. Qxb4 Nbxd5 19. Qd2 Qa5 20. Qxa5 Rxa5 21. Bd2
Rb5 22. Rab1 Rfb8 23. Bc1 Ne4 24. Rd3 Rc8 25. Kf1 f5 26. Kg1 Ndc3 27. Nxc3 Nxc3
28. Rxc3 Rxc3 29. Be3 Rc2 30. b3 Rxa2 31. b4 a3 32. Nd2 f4 33. Ne4 fxe3 34. fxe3
Rc2 0-1

[Event "AUTO-ELITE-2603"]
[Site "http://www.queenalice.com/game.php?id=1867096"]
[Date "2025.12.17"]
[Round "1"]
[White "raulzampronha"]
[Black "Donidon"]
[Result "1-0"]
[WhiteElo "2248"]
[BlackElo "2288"]

1. d4 Nf6 2. c4 g6 3. Nc3 Bg7 4. e4 d6 5. Nf3 O-O 6. Be2 Nc6 7. O-O e6 8. Bg5 h6
9. Bh4 g5 10. Bg3 Nh5 11. d5 Nxg3 12. hxg3 Ne5 13. Nxe5 Bxe5 14. f4 Bf6 15. Qd2
Bd7 16. Rad1 e5 17. f5 Kg7 18. b4 c6 19. dxc6 Bxc6 20. b5 Be8 21. Qxd6 Qa5 22.
Qd2 Rd8 23. Nd5 Qa3 24. Rf3 Qc5+ 25. Kh2 b6 26. Rb3 a6 27. a4 axb5 28. axb5 g4
29. Qb4 Rxd5 30. cxd5 Qf2 31. Qe1 Qc5 32. Bxg4 h5 33. Bf3 Qd6 34. Rc1 Bg5 35.
Rc2 Bd7 36. Qb4 Qh6 37. Rc7 h4 38. g4 Bd2 39. Qc4 Ra8 40. Rb1 Qf4+ 41. Kh1 h3
42. Qe2 hxg2+ 43. Kxg2 Rh8 44. Rh1 Rxh1 45. Kxh1 Qh6+ 46. Kg2 Qd6 47. Qxd2 Qxc7
48. Qg5+ Kf8 49. f6 Bxb5 50. Qg7+ Ke8 51. Qg8+ Kd7 52. Qxf7+ Kc8 53. Qxc7+ Kxc7
54. f7 1-0

[Event "AUTO-ELITE-2603"]
[Site "http://www.queenalice.com/game.php?id=1867097"]
[Date "2025.12.17"]
[Round "1"]
[White "Donidon"]
[Black "raulzampronha"]
[Result "1-0"]
[WhiteElo "2230"]
[BlackElo "2276"]

1. e4 c6 2. d4 d5 3. Nc3 dxe4 4. Nxe4 Nf6 5. Bd3 Qxd4 6. Nf3 Qb4+ 7. c3 Qb6 8.
O-O Nxe4 9. Bxe4 Nd7 10. Qc2 Nf6 11. Be3 Qc7 12. Rfd1 Bg4 13. h3 Bh5 14. g4 Bg6
15. Bxg6 hxg6 16. Kg2 e6 17. Rd2 Be7 18. Rad1 Nd5 19. Qe4 O-O 20. h4 Rfd8 21.
Bd4 Qf4 22. Qxf4 Nxf4+ 23. Kh2 c5 24. Be5 Nd5 25. Re2 f6 26. Bg3 Kf7 27. Rde1 e5
28. Bxe5 fxe5 29. Nxe5+ Kg8 30. Nxg6 Bf8 31. f4 Bd6 32. Kg3 Kf7 33. h5 Nb6 34.
g5 Re8 35. Kf3 Rxe2 36. Rxe2 Na4 37. Nh4 Re8 38. Nf5 Bf8 39. g6+ 1-0

[Event "AUTO-ELITE-2603"]
[Site "http://www.queenalice.com/game.php?id=1867104"]
[Date "2025.12.17"]
[Round "1"]
[White "Donidon"]
[Black "cerenzo72"]
[Result "1-0"]
[WhiteElo "2203"]
[BlackElo "2184"]

1. e4 e5 2. Nf3 d6 3. d4 exd4 4. Nxd4 Nf6 5. Nc3 Be7 6. Be3 Bd7 7. f3 Nc6 8. Qd2
O-O 9. O-O-O Nxd4 10. Bxd4 Bc6 11. h4 h5 12. e5 dxe5 13. Bxe5 Qxd2+ 14. Rxd2 Nd7
15. Bxc7 Bb4 16. Rd4 Bxc3 17. bxc3 Rac8 18. Bd6 Rfe8 19. Bd3 Nf6 20. c4 Rcd8 21.
Rd1 b6 22. c5 bxc5 23. Bxc5 Rxd4 24. Bxd4 a5 25. Bxf6 gxf6 26. Bf5 Re2 27. Rd2
Re1+ 28. Kb2 Re5 29. Rd8+ Kg7 30. Bd3 Re7 31. Rc8 Be8 32. c4 Rb7+ 33. Kc3 Bd7
34. Rc5 Ra7 35. Rxh5 Kf8 36. Be4 Be6 37. Rb5 Rc7 38. Bd5 Ke7 39. Rb7 Rxb7 40.
Bxb7 Kd6 41. Kd4 f5 42. f4 Kc7 43. Bd5 1-0

[Event "AUTO-ELITE-2603"]
[Site "http://www.queenalice.com/game.php?id=1867105"]
[Date "2025.12.17"]
[Round "1"]
[White "cerenzo72"]
[Black "Donidon"]
[Result "0-1"]
[WhiteElo "2148"]
[BlackElo "2180"]

1. c4 d5 2. cxd5 Qxd5 3. Nc3 Qa5 4. e4 e5 5. Nf3 c6 6. d4 Nd7 7. Bd2 exd4 8.
Nxd4 Ngf6 9. Qc2 Qd8 10. a4 Be7 11. Bc4 O-O 12. Nf5 Ne5 13. Ba2 Bxf5 14. exf5
Nd3+ 15. Kf1 Qd7 16. Bb1 Nb4 17. Qd1 Rad8 18. Ke2 Nd3 19. Bxd3 Qxd3+ 20. Ke1 Bb4
21. Rc1 Rfe8+ 22. Be3 Rxe3+ 23. fxe3 Qxe3+ 24. Qe2 Qxc1+ 0-1

[Event "AUTO-MASTER-3285"]
[Site "http://www.queenalice.com/game.php?id=1867819"]
[Date "2026.1.10"]
[Round "2"]
[White "Donidon"]
[Black "raulzampronha"]
[Result "1-0"]
[WhiteElo "2214"]
[BlackElo "2291"]

1. e4 c5 2. Nf3 e6 3. d4 cxd4 4. Qxd4 Nc6 5. Qd1 d6 6. Bc4 Nf6 7. Nc3 a6 8. Bb3
Qc7 9. O-O Be7 10. Bf4 O-O 11. Qe2 e5 12. Be3 Bg4 13. h3 Bh5 14. Rad1 Rac8 15.
g4 Bg6 16. g5 Nh5 17. Nh4 Qd8 18. Nxg6 hxg6 19. h4 Kh7 20. f4 exf4 21. Bxf4 Qa5
22. Nd5 Nxf4 23. Rxf4 Bd8 24. Qf3 Ne5 25. Qh3 Rc5 26. h5 1-0

[Event "AUTO-MASTER-3285"]
[Site "http://www.queenalice.com/game.php?id=1867820"]
[Date "2026.1.10"]
[Round "2"]
[White "raulzampronha"]
[Black "Donidon"]
[Result "0-1"]
[WhiteElo "2291"]
[BlackElo "2228"]

1. e4 e5 2. Nf3 Nc6 3. d4 exd4 4. Nxd4 d6 5. Nc3 Nf6 6. Bf4 Be7 7. Qd2 O-O 8.
O-O-O h6 9. f3 Nh5 10. Be3 Nxd4 11. Bxd4 Be6 12. Kb1 Bg5 13. Be3 Bxe3 14. Qxe3
Nf6 15. g4 Nh7 16. h4 Qd7 17. g5 h5 18. Be2 g6 19. f4 f5 20. e5 Rfe8 21. Qf3 a6
22. Qxb7 Reb8 23. Qf3 Kf7 24. exd6 cxd6 25. Rd4 Ra7 26. Rhd1 Rd8 27. Qd3 Nf8 28.
Qe3 Qe7 29. Nd5 Bxd5 30. Rxd5 Qxe3 0-1

[Event "AUTO-MASTER-3285"]
[Site "http://www.queenalice.com/game.php?id=1867821"]
[Date "2026.1.10"]
[Round "2"]
[White "Donidon"]
[Black "arvo1938"]
[Result "1-0"]
[WhiteElo "2191"]
[BlackElo "2179"]

1. e4 e5 2. Nf3 Nc6 3. d4 exd4 4. Nxd4 Nxd4 5. Qxd4 Qf6 6. e5 Qb6 7. Be3 c5 8.
Qc3 d5 9. Bd2 d4 10. Qb3 Be6 11. c4 Qxb3 12. axb3 Ne7 13. Bd3 Ng6 14. f4 O-O-O
15. O-O Be7 16. Be4 Bd7 17. Rxa7 Bc6 18. Bxc6 bxc6 19. Ba5 Rd7 20. Ra8+ Kb7 21.
Rxh8 Nxh8 22. Nd2 Kc8 23. Ne4 Rb7 24. f5 Rxb3 25. Bd2 Rxb2 26. Ra1 Kb7 27. Bf4
h5 28. Nd6+ Bxd6 29. exd6 Kc8 30. Ra8+ Kd7 31. Rxh8 Rc2 32. Ra8 Rxc4 33. Ra7+
1-0

[Event "AUTO-MASTER-3285"]
[Site "http://www.queenalice.com/game.php?id=1867822"]
[Date "2026.1.10"]
[Round "2"]
[White "arvo1938"]
[Black "Donidon"]
[Result "0-1"]
[WhiteElo "2169"]
[BlackElo "2254"]

1. e4 e6 2. d4 d5 3. e5 c5 4. c3 Nc6 5. Nf3 Be7 6. Bd3 Bd7 7. O-O Qb6 8. dxc5
Bxc5 9. b4 Be7 10. Be3 d4 11. Bxd4 Nxd4 12. Nxd4 Bxb4 13. Nf3 Be7 14. Qb3 Qc6
15. Nbd2 a6 16. Nd4 Qc7 17. f4 Nh6 18. Rf3 O-O 19. Rh3 Rac8 20. Ne2 Rfd8 21. Ne4
Nf5 22. Nf2 Bc6 23. Nd4 Bd5 24. Qb2 g6 25. Nxf5 exf5 26. Bf1 Bc5 27. Rg3 b5 28.
Kh1 Be6 29. Nd3 Ba7 30. Rc1 Qb6 31. Be2 Rc4 32. Rf3 Ra4 33. a3 Re4 34. Rd1 Bc4
35. Qc2 Kg7 36. Qd2 Qc5 37. Qb2 h5 38. Ra1 Qb6 39. Qd2 Re3 40. Rxe3 Qxe3 41.
Qxe3 Bxe3 42. Rd1 Rc8 43. h3 Bb3 44. Rf1 Rxc3 45. Rf3 Bd2 46. Nb4 Rxf3 47. Bxf3
a5 48. Nc6 a4 49. g4 hxg4 50. hxg4 fxg4 51. Bg2 Bxf4 52. Be4 Bc1 53. Nd4 Bb2 54.
Nxb3 axb3 55. Bd5 Bxa3 56. Bxb3 f6 57. exf6+ Kxf6 58. Kg2 Bd6 59. Bd1 Kg5 60.
Be2 b4 61. Bc4 Kf4 62. Bf7 g3 63. Bxg6 b3 64. Bd3 b2 0-1

[Event "AUTO-ELITE-2611"]
[Site "http://www.queenalice.com/game.php?id=1869784"]
[Date "2026.2.25"]
[Round "1"]
[White "boilermaker1234"]
[Black "Donidon"]
[Result "1-0"]
[WhiteElo "2466"]
[BlackElo "2273"]

1. d4 Nf6 2. c4 d5 3. cxd5 Nxd5 4. Nf3 g6 5. e4 Nb6 6. Nc3 Bg7 7. Be3 O-O 8. h3
c6 9. Be2 e6 10. O-O N8d7 11. e5 Nd5 12. Qd2 Nxe3 13. Qxe3 b6 14. Rad1 Bb7 15.
a4 Qc7 16. Bc4 c5 17. Nb5 Qb8 18. d5 Nxe5 19. Nxe5 Bxe5 20. dxe6 fxe6 21. Rd7
Bh2+ 22. Kh1 Bf4 23. Qxe6+ Kh8 24. Qe7 Rf7 25. Qxf7 1-0

[Event "AUTO-ELITE-2611"]
[Site "http://www.queenalice.com/game.php?id=1869785"]
[Date "2026.2.25"]
[Round "1"]
[White "Donidon"]
[Black "boilermaker1234"]
[Result "0-1"]
[WhiteElo "2270"]
[BlackElo "2462"]

1. e4 Nc6 2. d4 d5 3. e5 f6 4. f4 Bf5 5. c3 Qd7 6. Nf3 Nh6 7. h3 O-O-O 8. Bd3 e6
9. g4 Be4 10. Qe2 Bxd3 11. Qxd3 Be7 12. Be3 fxe5 13. Nxe5 Nxe5 14. fxe5 Nf7 15.
h4 Nh6 16. Bxh6 gxh6 17. Nd2 Rdg8 18. O-O-O Rxg4 19. Nf3 Rf8 20. Rdf1 Rf5 21.
Qd1 Rgf4 22. Kb1 Qb5 23. Rhg1 Bxh4 24. Nxh4 Rxf1 25. Rxf1 Rxf1 0-1

[Event "AUTO-ELITE-2614"]
[Site "http://www.queenalice.com/game.php?id=1870543"]
[Date "2026.3.13"]
[Round "1"]
[White "JailtonMaster"]
[Black "Donidon"]
[Result "0-1"]
[WhiteElo "2088"]
[BlackElo "2263"]

1. d4 Nf6 2. c4 g6 3. Nc3 d5 4. Nf3 Bg7 5. cxd5 Nxd5 6. e4 Nxc3 7. bxc3 c5 8.
Bb5+ Bd7 9. Bxd7+ Nxd7 10. O-O cxd4 11. cxd4 O-O 12. Rb1 b6 13. Be3 e6 14. d5
exd5 15. exd5 Nc5 16. Bxc5 bxc5 17. Rc1 Qd6 18. Qd2 Rfd8 19. Rfd1 a5 20. Rc4 a4
21. a3 h6 22. Qc2 Rab8 23. Rxc5 Rb2 24. Qc4 Bf8 25. Ra5 Qb6 26. Qd4 Rb1 27. Rxa4
Qb3 28. Rf1 Rxf1+ 29. Kxf1 Re8 0-1

[Event "AUTO-ELITE-2614"]
[Site "http://www.queenalice.com/game.php?id=1870544"]
[Date "2026.3.13"]
[Round "1"]
[White "Donidon"]
[Black "JailtonMaster"]
[Result "1-0"]
[WhiteElo "2267"]
[BlackElo "2110"]

1. Nf3 d5 2. d4 Nf6 3. c4 c6 4. Nc3 e6 5. e3 Bb4 6. Bd2 O-O 7. Bd3 dxc4 8. Bxc4
b5 9. Bb3 Bb7 10. O-O Nbd7 11. Ng5 a6 12. Nxb5 Bxd2 13. Nd6 Qc7 14. Ndxf7 Qa5
15. Bxe6 Rxf7 16. Nxf7 Nf8 17. Nh6+ Kh8 18. Nf7+ Kg8 19. Bb3 Bc8 20. Ne5+ Be6
21. Bxe6+ Nxe6 22. Nc4 Qb5 23. Nxd2 Qxb2 24. Nc4 Qb4 25. Rc1 Ne4 26. Qg4 N4g5
27. h4 h5 28. Qf5 Rf8 29. Qg6 Rf6 30. Qe8+ Rf8 31. Qd7 Rf7 32. Qxc6 Rc7 33. Qa8+
Nf8 34. hxg5 Rxc4 35. Qd5+ 1-0